Acerca de la historia de las corrientes ideológicas en la latinoamericanística /

Wedi'i Gadw mewn:
Manylion Llyfryddiaeth
Prif Awdur: Bartley, Russell H.
Fformat: Texto
Tagiau: Ychwanegu Tag
Dim Tagiau, Byddwch y cyntaf i dagio'r cofnod hwn!

MARC

LEADER 00000 a a2200000 04500
001 593
003
040
100 |a Bartley, Russell H.  
245 |a Acerca de la historia de las corrientes ideológicas en la latinoamericanística /  |c Russell H. Bartley 
773 |g número 1; páginas 31-37  
999 |c 30382  |d 30382